000 01182nam0a2200349 4500
001 RU\NLR\BIBL_A\012305330
005 20200908160910.0
010 _a978-5-17-118407-0
_91500
021 _aRU
_bКН-П-20-017938
_9КН-П-20-1409
035 _a(NLR Aleph) 012305330
035 _a(RuMoRGB)010311036
090 _a11342003
_c11342003
100 _a20200731d2020 u y0rusy50 ca
101 1 _arus
_ceng
102 _aRU
105 _ay|||z|||000ay
181 0 _ai
_baxxe
182 0 _an
200 1 _aТайна виконта
_e[роман]
_fАннабел Брайант
_g[перевод с английского А.Ф. Фроловой]
203 _aТекст
_bвизуальный
_cнепосредственный
210 _aМосква
_cАСТ
_d2020
215 _a318, [1] с.
_d21
225 1 _aСерия "Шарм"
333 _a16+
686 1 _aШ6(7США)67-440.4{Лх1979-50}
700 1 _aБрайант
_bА.
_gАннабел
_3RU\NLR\AUTH\770214835
942 _cBOOK
980 _aNBR
980 _aNB